<?xml version="1.0" encoding="UTF-8"?>
<record
    xmlns:xsi="http://www.w3.org/2001/XMLSchema-instance"
    xsi:schemaLocation="http://www.loc.gov/MARC21/slim http://www.loc.gov/standards/marcxml/schema/MARC21slim.xsd"
    xmlns="http://www.loc.gov/MARC21/slim">

  <leader>00481nam a2200181Ia 4500</leader>
  <controlfield tag="008">230917s9999||||xx |||||||||||||| ||und||</controlfield>
  <datafield tag="020" ind1=" " ind2=" ">
    <subfield code="c">RS 640.00</subfield>
  </datafield>
  <datafield tag="040" ind1=" " ind2=" ">
    <subfield code="e">5010492</subfield>
    <subfield code="a">MAIN</subfield>
  </datafield>
  <datafield tag="041" ind1=" " ind2=" ">
    <subfield code="a">English</subfield>
  </datafield>
  <datafield tag="082" ind1=" " ind2=" ">
    <subfield code="a">6584034 G552O(31)</subfield>
  </datafield>
  <datafield tag="100" ind1=" " ind2=" ">
    <subfield code="a">Goel, B S</subfield>
  </datafield>
  <datafield tag="245" ind1=" " ind2="0">
    <subfield code="a">Operations research</subfield>
  </datafield>
  <datafield tag="250" ind1=" " ind2=" ">
    <subfield code="a">31st ed.</subfield>
  </datafield>
  <datafield tag="260" ind1=" " ind2=" ">
    <subfield code="a">Meerut</subfield>
    <subfield code="b">Pragati Prakashan</subfield>
    <subfield code="c">2020</subfield>
  </datafield>
  <datafield tag="300" ind1=" " ind2=" ">
    <subfield code="a">xii, 1072 p.</subfield>
  </datafield>
  <datafield tag="500" ind1=" " ind2=" ">
    <subfield code="a">5014 06/01/2023 HBD23/9784 09/03/2023 IMSAR (Dev. &amp; Research)</subfield>
  </datafield>
  <datafield tag="942" ind1=" " ind2=" ">
    <subfield code="c">BK</subfield>
  </datafield>
  <datafield tag="952" ind1=" " ind2=" ">
    <subfield code="0">0</subfield>
    <subfield code="1">0</subfield>
    <subfield code="4">0</subfield>
    <subfield code="6">6584034_000000000000000_G552O31</subfield>
    <subfield code="7">0</subfield>
    <subfield code="9">13981</subfield>
    <subfield code="a">MAIN</subfield>
    <subfield code="b">MAIN</subfield>
    <subfield code="c">IMSAR</subfield>
    <subfield code="d">2023-03-17</subfield>
    <subfield code="l">1</subfield>
    <subfield code="o">6584034 G552O(31)</subfield>
    <subfield code="p">403875</subfield>
    <subfield code="r">2024-05-21 13:06:28</subfield>
    <subfield code="s">2024-05-07</subfield>
    <subfield code="w">2023-09-17</subfield>
    <subfield code="y">BK</subfield>
  </datafield>
  <datafield tag="952" ind1=" " ind2=" ">
    <subfield code="0">0</subfield>
    <subfield code="1">0</subfield>
    <subfield code="4">0</subfield>
    <subfield code="6">6584034_000000000000000_G552O31</subfield>
    <subfield code="7">0</subfield>
    <subfield code="9">13982</subfield>
    <subfield code="a">MAIN</subfield>
    <subfield code="b">MAIN</subfield>
    <subfield code="c">IMSAR</subfield>
    <subfield code="d">2023-03-17</subfield>
    <subfield code="l">0</subfield>
    <subfield code="o">6584034 G552O(31)</subfield>
    <subfield code="p">403876</subfield>
    <subfield code="r">2023-09-17 17:21:23</subfield>
    <subfield code="w">2023-09-17</subfield>
    <subfield code="y">BK</subfield>
  </datafield>
  <datafield tag="952" ind1=" " ind2=" ">
    <subfield code="0">0</subfield>
    <subfield code="1">0</subfield>
    <subfield code="4">0</subfield>
    <subfield code="6">6584034_000000000000000_G552O31</subfield>
    <subfield code="7">0</subfield>
    <subfield code="9">13983</subfield>
    <subfield code="a">MAIN</subfield>
    <subfield code="b">MAIN</subfield>
    <subfield code="c">IMSAR</subfield>
    <subfield code="d">2023-03-17</subfield>
    <subfield code="l">0</subfield>
    <subfield code="o">6584034 G552O(31)</subfield>
    <subfield code="p">403877</subfield>
    <subfield code="r">2023-09-17 17:21:23</subfield>
    <subfield code="w">2023-09-17</subfield>
    <subfield code="y">BK</subfield>
  </datafield>
  <datafield tag="952" ind1=" " ind2=" ">
    <subfield code="0">0</subfield>
    <subfield code="1">0</subfield>
    <subfield code="4">0</subfield>
    <subfield code="6">6584034_000000000000000_G552O31</subfield>
    <subfield code="7">0</subfield>
    <subfield code="9">13984</subfield>
    <subfield code="a">MAIN</subfield>
    <subfield code="b">MAIN</subfield>
    <subfield code="c">IMSAR</subfield>
    <subfield code="d">2023-03-17</subfield>
    <subfield code="l">1</subfield>
    <subfield code="o">6584034 G552O(31)</subfield>
    <subfield code="p">403878</subfield>
    <subfield code="r">2024-04-26 11:42:20</subfield>
    <subfield code="s">2024-04-12</subfield>
    <subfield code="w">2023-09-17</subfield>
    <subfield code="y">BK</subfield>
  </datafield>
  <datafield tag="952" ind1=" " ind2=" ">
    <subfield code="0">0</subfield>
    <subfield code="1">0</subfield>
    <subfield code="4">0</subfield>
    <subfield code="6">6584034_000000000000000_G552O31</subfield>
    <subfield code="7">0</subfield>
    <subfield code="9">13985</subfield>
    <subfield code="a">MAIN</subfield>
    <subfield code="b">MAIN</subfield>
    <subfield code="c">IMSAR</subfield>
    <subfield code="d">2023-03-17</subfield>
    <subfield code="l">0</subfield>
    <subfield code="o">6584034 G552O(31)</subfield>
    <subfield code="p">403879</subfield>
    <subfield code="r">2023-09-17 17:21:23</subfield>
    <subfield code="w">2023-09-17</subfield>
    <subfield code="y">BK</subfield>
  </datafield>
  <datafield tag="952" ind1=" " ind2=" ">
    <subfield code="0">0</subfield>
    <subfield code="1">0</subfield>
    <subfield code="4">0</subfield>
    <subfield code="6">6584034_000000000000000_G552O31</subfield>
    <subfield code="7">0</subfield>
    <subfield code="9">13986</subfield>
    <subfield code="a">MAIN</subfield>
    <subfield code="b">MAIN</subfield>
    <subfield code="d">2023-03-17</subfield>
    <subfield code="l">1</subfield>
    <subfield code="o">6584034 G552O(31)</subfield>
    <subfield code="p">406582</subfield>
    <subfield code="r">2025-01-25 14:33:13</subfield>
    <subfield code="s">2025-01-10</subfield>
    <subfield code="w">2023-09-17</subfield>
    <subfield code="y">BK</subfield>
  </datafield>
  <datafield tag="952" ind1=" " ind2=" ">
    <subfield code="0">0</subfield>
    <subfield code="1">0</subfield>
    <subfield code="4">0</subfield>
    <subfield code="6">6584034_000000000000000_G552O31</subfield>
    <subfield code="7">0</subfield>
    <subfield code="9">13987</subfield>
    <subfield code="a">MAIN</subfield>
    <subfield code="b">MAIN</subfield>
    <subfield code="d">2023-03-17</subfield>
    <subfield code="l">1</subfield>
    <subfield code="o">6584034 G552O(31)</subfield>
    <subfield code="p">406583</subfield>
    <subfield code="r">2025-01-14 12:49:10</subfield>
    <subfield code="s">2025-01-11</subfield>
    <subfield code="w">2023-09-17</subfield>
    <subfield code="y">BK</subfield>
  </datafield>
  <datafield tag="952" ind1=" " ind2=" ">
    <subfield code="0">0</subfield>
    <subfield code="1">0</subfield>
    <subfield code="4">0</subfield>
    <subfield code="6">6584034_000000000000000_G552O31</subfield>
    <subfield code="7">0</subfield>
    <subfield code="9">13988</subfield>
    <subfield code="a">MAIN</subfield>
    <subfield code="b">MAIN</subfield>
    <subfield code="d">2023-03-17</subfield>
    <subfield code="l">0</subfield>
    <subfield code="o">6584034 G552O(31)</subfield>
    <subfield code="p">406584</subfield>
    <subfield code="r">2023-09-17 17:21:23</subfield>
    <subfield code="w">2023-09-17</subfield>
    <subfield code="y">BK</subfield>
  </datafield>
  <datafield tag="999" ind1=" " ind2=" ">
    <subfield code="c">8475</subfield>
    <subfield code="d">8475</subfield>
  </datafield>
</record>
